000
00284nam a2200133Ia 4500
100
_a
Harrington/Steven
942
_c
BK
654
_a
Computers Graphics
245
_a
Computer Graphics
260
_b
McGraw Hill
_a
New York
_c
1987
300
_a
466
546
_a
ENGLISH
999
_c
25041
_d
25041